Programming with Java : (Record no. 11466)
[ view plain ]
| 000 -LEADER | |
|---|---|
| fixed length control field | 00569nam a2200217 a 4500 |
| 001 - CONTROL NUMBER | |
| JCCL Control Number | 11466 |
| 003 - CONTROL NUMBER IDENTIFIER | |
| JCCL marc code | BD-JhCC |
| 005 - DATE AND TIME OF LATEST TRANSACTION | |
| control field | 20211005134020.0 |
| 008 - FIXED-LENGTH DATA ELEMENTS--GENERAL INFORMATION | |
| fixed length control field | 190624r 2013ii |||| ||a| 001 0 eng d |
| 020 ## - INTERNATIONAL STANDARD BOOK NUMBER | |
| International Standard Book Number | 9780070141698 |
| 035 ## - SYSTEM CONTROL NUMBER | |
| system control number | (BD-JhCC)11466 |
| 040 ## - CATALOGING SOURCE | |
| Original cataloging agency | BD-JhCC |
| Modifying agency | BD-JhCC |
| 041 ## - LANGUAGE CODE | |
| Language code of Book | eng |
| 082 ## - DEWEY DECIMAL CLASSIFICATION NUMBER | |
| Classification number | 005.133 |
| Author mark and Year | BAL 2013 |
| 100 ## - MAIN ENTRY--PERSONAL NAME | |
| Personal name | Balagurusamy, E. |
| 245 ## - TITLE STATEMENT | |
| Title | Programming with Java : |
| Remainder of title | A primer / |
| Statement of responsibility, etc | E Balagurusamy . |
| 260 ## - PUBLICATION, DISTRIBUTION, ETC. (IMPRINT) | |
| Place of publication, distribution, etc | New Delhi : |
| Name of publisher, distributor, etc | McGraw Hill Education; |
| Date of publication, distribution, etc | 2013. |
| 300 ## - PHYSICAL DESCRIPTION | |
| Pagination | 454 p. : |
| Dimensions | 26 cm. |
| 942 ## - ADDED ENTRY ELEMENTS (KOHA) | |
| Source of classification or shelving scheme | Dewey Decimal Classification |
| Koha item type | Books |
| Koha issues (borrowed), all copies | 2 |
| Source of classification or shelving scheme | Damaged status | Not for loan | Home library | Current library | Shelving location | Date of accession | Cost, normal purchase price | Total Checkouts | Full call number | Barcode | Date last seen | Date checked out | Copy number | Koha item type |
|---|---|---|---|---|---|---|---|---|---|---|---|---|---|---|
| Dewey Decimal Classification | JCC Rouf Library | JCC Rouf Library | General Stacks | 06/24/2019 | 500.00 | 3 | 005.133 BAL 2013 | 15038 | 01/27/2025 | 01/23/2025 | C-1 | Books |